00666nam a2200169 a 450000100100000000500170001000800410002704000250006808200150009310000230010824500260013126000340015730000270019159000760021895201850029499900170047900003543520200930074336.0111031s19uu xx a 000 0 spa d aDO-SdBNPbspacBNPHU axxxxbxxxx1 aSpyri, Jana96126910aHeidi /cJuana Spyri. a[Suiza], :b[s.n.],c[19--?]. a76 p. :bil. ;c20 cm. aPerteneció a la biblioteca personal de Juan Isidro Jimenes Grullón. 001050718MOaGRbGRcHDd2011-10-31iLF1l0oxxxx xxxxp35435-10r2020-06-25w2020-06-25y1zPerteneció a la biblioteca prsonal de Juan Isidro Jimenes Grullón.ZNo se presta c34926d34926